| 000 | 01382nam a2200337Ia 4500 | ||
|---|---|---|---|
| 001 | ebr10087223 | ||
| 003 | CaPaEBR | ||
| 006 | m u | ||
| 007 | cr cn||||||||| | ||
| 008 | 940110s1995 nyua sb 001 0beng d | ||
| 010 | _z 94012500 | ||
| 020 | _z0195087127 | ||
| 040 |
_aCaPaEBR _cCaPaEBR |
||
| 035 | _a(OCoLC)559912445 | ||
| 050 | 1 | 4 |
_aDF228.A8 _bH46 1995eb |
| 082 | 0 | 4 |
_a938/.504/092 _aB _220 |
| 100 | 1 |
_aHenry, Madeleine Mary, _d1949- |
|
| 245 | 1 | 0 |
_aPrisoner of history _h[electronic resource] : _bAspasia of Miletus and her biographical tradition / _cMadeleine M. Henry. |
| 260 |
_aNew York ; _aOxford : _bOxford University Press, _c1995. |
||
| 300 |
_a201 p. : _bill. |
||
| 504 | _aIncludes bibliographical references and index. | ||
| 533 |
_aElectronic reproduction. _bPalo Alto, Calif. : _cebrary, _d2011. _nAvailable via World Wide Web. _nAccess may be limited to ebrary affiliated libraries. |
||
| 600 | 0 | 0 | _aAspasia. |
| 600 | 0 | 0 |
_aPericles, _dca. 495-429 B.C. |
| 650 | 0 |
_aMistresses _zGreece _zAthens _vBiography. |
|
| 650 | 0 |
_aWomen _xPolitical activity _zGreece _zAthens _vBiography. |
|
| 651 | 0 |
_aGreece _xHistory _yAthenian supremacy, 479-431 B.C. |
|
| 655 | 7 |
_aElectronic books. _2local |
|
| 710 | 2 | _aebrary, Inc. | |
| 856 | 4 | 0 |
_uhttp://site.ebrary.com/lib/rucke/Doc?id=10087223 _zAn electronic book accessible through the World Wide Web; click to view |
| 999 |
_c51727 _d51727 |
||